00629nam a2200145Ia 4500008004100000082001200041100004900053245018500102260006100287300001400348536004600362546001200408650003300420650003000453220217s9999||||xx |||||||||||||| ||eng|| aRM.0400 aMishra, R.K.uInstitute of Public Enterprise 0aEmpowering social science research :ba study of components in social science research system and development of framework for performance measurement of the system / cR.K. Mishra aNew Delhi :bIndian Council of Social Science Research,  avi, 112p. aIndian Council of Social Science Research aEnglish aSocial sciencesxMethodology aSocial sciencesxResearch